000 01176cam a22002054a 4500
005 20250605164120.0
008 250528s ||||||||||||||||||||||||d
035 _a18225
020 _a201177676
040 _aGR-AtMCL
_bgre
_dGR-AtMCL
_eAACR2
245 1 _aConcurrent Systems / Operating Systems, Database and Distributed Systems: an Integrated Approach
250 _a2nd
260 _bAddison Wesley Longman,
_c1997
300 _a720
520 _aThis book presents a modern approach to software systems, ideally suited to the needs of today's students and programmers. Introduction: Examples and Requirements, Background and Fundamentals, Support for Processes, Fundamentals of distributed systems, Memory Management, File Management, Single Concurrent Actions, System Structure, Language Primitives for Shared Memory, IPC and System Structure, Crash Resilience and Persistent Data, Concurrent Composite Actions, Resource allocation and Deadlock, Transactions, Recovery, Distributed Transactions, Distributed Computations, System Case Studies, Bibliography, Glossary, Index.
700 1 _aBacon Jean
_94510
942 _cBK
999 _c3600
_d3600